04506nam a2200313 a 4500001001000000003000900010005001700019007000300036008004100039020001800080040003000098082002800128100004100156245008600197250001100283264003600294300002900330336002700359337003300386338002800419500007000447504003900517505350200556650002404058650002704082650002704109650002804136650002804164000047791DO-SdBPM20260212095600.0ta180810s2017 dr r 000 0 spa d a9789945168068 aDO-SdBPMbspacBPMSUdrda 4a796.44bA321g, 20172221 aAlarcón Afón, Saraeautor 4aut.10aGimnasia educativa :bcurrículo y formación docente /cSara Alarcón Afón. a2a ed. aSanto Domingo :bBúho,c2017. a172 páginas ;c26 cm. atextobtxt2rdacontent asin mediaciónbn2rdamedia avolumenbnc2rdacarrier aIncluye datos biográficos del autor en la solapa de la cubierta aBibliografía : páginas 169-1720 aIntroducción, 11.-- Capítulo 1. Teoría de la gimnasia educativa, 17.-- Propósitos de la educación física escolar y universitaria, 19.-- Propósitos de la gimnasia educativa escolar y universitaria, 20.-- Propósitos de las asignaturas Gimnasia I, II y III de la formación docente en educación física, 21.--Contenidos de la gimnasia educativa expresados en el currículo dominicano de EF, 21.-- Programa de las asignaturas Gimnasia I, II y II en la formación profesional en EFI, 44.-- Competencias teórico-prácticas y técnico-metodológicas, 55.-- Capítulo II. Reseña histórica de la gimnasia educativa, 65.-- Reseña histórica de la actividad física en la Edad Prehistórica, 65.-- Reseña histórica de la actividad física en la Edad Antigua, 66.-- Reseña histórica de la actividad física en la Edad Media, 70.-- Reseña histórica de la gimnasia en la Edad Moderna, 71.-- Reseña histórica de la gimnasia en la Edad Contemporánea, 72.-- Capítulo 3. Metodología y didáctica de la gimnasia educativa, 85.-- Metodología de la gimnasia educativa escolar, 86.-- Didáctica de la gimnasia educativa escolar, 92.-- Estrategias teórico-prácticas y técnico-metodológicas para la Gimnasia I, II y III, 97.-- Capítulo 4. La clase de gimnasia educativa, 99.-- Capítulo 5. Acondicionamiento físico inicial, 105.-- Lubricación, 106.-- Trote de calentamiento, 107.-- Calentamiento general, 107.-- Calentamiento especial, 110.-- Capítulo 6. Psicomotricidad educativa, 111.-- Teoría de la psicomotricidad educativa, 112.-- Contenidos de la psicomotricidad educativa y/o habilidades psicomotrices, 113.-- Capítulo 7. Expresión corporal, 117.-- Teoría de la expresión corporal educativa, 119.-- Contenidos prácticos de la expresión corporal educativa, 120.-- Capítulo 8. Educación del movimiento, 123.-- Posiciones del cuerpo, 123.-- Habilidades motrices básicas, 124.-- Capacidades físicas, 125.-- Pruebas de aptitud física, 129.-- Capítulo 9. Gimnasia deportiva, 137.-- Gimnasia deportiva escolar, 137.-- Modalidades gimnástico-deportivas, 144.-- Capítulo 10. Actividades gimnásticas alternativas, 149.-- Gimnasiadas, 149.-- Batón ballet, 150.-- Abanderadas, 150.--Rally de habilidades gimnásticas, 150.-- Salto de la cuerda, 151.-- Capítulo 11. Modalidades gimnásticas de salud, 153.-- Pilates, 153.--Yoga, 153.-- Musculación, 154.-- Aeróbicos, 154.-- Zumba, 155.-- Cardio kickboxing, 156.-- Capítulo 12. Recursos didácticos para la formación docente, 157.-- Gimnasia I: actividades para consolidación de la lectura y la escritura, 157.-- Gimnasia II: actividades para la consolidación de la lectura y la escritura, 158.-- Gimnasia III: actividades para consolidación de la lectura y la escritura, 159.-- Gimnasia I: actividades para consolidación de la lectura y la escritura, y para síntesis de información, 161.-- Gimnasia I, II y III: actividad de investigación mediante la observación, 162.-- Gimnasia I: actividad de controlar aprendizajes, 163.-- Gimnasia II: actividad de controlar aprendizajes, 164.-- Gimnasia III: Actividad de controlar aprendizajes, 165.-- Gimnasia I, II y III: actividad para producir ideas propias, 166.-- Gimnasia I, II y III: actividad para reflexionar y retroalimentar, 168.-- Gimnasia III: actividad para investigar en la Web, 168.-- Gimnasia III: actividad extraclase para continuar el aprendizaje, 168.-- Referencias, 169.7 aGimansia educativa.7 aEducación física. 7 aGimnasia vEnzeñanza7 a Gimnasia para hombres.7 aGimansia para mujeres.